000 00572nam a2200241 a 4500
001 nice12345678
003 IN_TiNIC
005 20260116014017.0
008 050524s2003 inda grp 000 0 eng
020 _a
_c195
082 0 0 _a294
_bCHI
100 _aChitgopekar, Nilima
245 _aBook of Durga
260 _aIndia
_bPenguin Books
_c2003
300 _a129p
500 _aincludes index and biblioraphy
505 2 _aIndex, Quranic Verses
650 _aHinduism
700 1 _aChitgopekar, Nilima
902 _bSRS
942 _cBK
999 _c13487
_d13487